000
00250nam a2200097 a 4500
005
20140414132011.0
008
110310s19uu xx 00 eng d
050
_a
VCD
_b
P93
245
_a
Princess Enchanted Tales :
_b
Follow your dreams.
999
_c
113268
_d
113268